Представление документа в формате RUSMARC

ПолеНазваниеЗначение
  Тип записи a
  Библиографический уровень a
001 Контрольный номер RU/УОНБ/EK_Kray/587923016
005 Дата корректировки 20240131004932.7
100 Данные общей обработки __
a Данные общей обработки 20180818d2018 ||| 0rusy0189 ca
101 Язык документа 0_
a Язык текста rus
102 Страна публикации __
a Страна публикации RU
105 Кодированные данные (монография) __
a Кодированные данные (монография) y###||||000|y
200 Заглавие и сведения об ответственности 1_
a Заглавие Он пригласил нас в путешествие русского слова вместе с Карамзиным
e Сведения, относящиеся к заглавию памяти Андрея Николаевича Балдина (21 января 1958 - 30 ноября 2017)
f Первые сведения об ответственности Ольга Даранова
330 Аннотация __
a Аннотация Гость Ульяновска, участник совместных проектов - писатель, философ, эссеист, архитектор, книжный график, лауреат национальной премии "Большая книга" А.Н. Балдин
461 Уровень набора _0
1 001RU/УОНБ/EK/432749072
1 2001
a Симбирскъ
e лит. журн.
v № 3 (57)
1 2101
a Ульяновск
c МедиаЦентр
d 2018
463 Уровень физической единицы _0
1 001RU/УОНБ/EK/576164515
1 2000
a № 3 (57)
v С. 58-59
600 Персоналии _1
a Персоналии (Фамилия) Балдин, Андрей Николаевич
600 Персоналии _1
a Персоналии (Фамилия) Карамзин, Николай Михайлович
601 Наименование организации как предмет 02
a Наименование организации как предмет Дворец книги - Ульяновская областная научная библиотека имени В.И. Ленина
610 Ключевые слова 0_
a Ключевые слова писатели
610 Ключевые слова 0_
a Ключевые слова исследователи жизни Н.М. Карамзина
610 Ключевые слова 0_
a Ключевые слова статьи сотрудников УОНБ
686 Индексы других классификаций __
a Классификационный индекс 78.340.671.2
2 Код системы rubbk
700 Автор _1
a Фамилия Даранова
b Имя (инициалы) О.
g Полное личное имя Ольга
4 Код отношения 070
801 Источник записи _0
a Страна RU
b Организация Ульяновская ОНБ
c Дата составления 20180818
g Правила каталогизации RCR
801 Источник записи _1
a Страна RU
b Организация Ульяновская ОНБ
c Дата составления 20180818
g Правила каталогизации RCR
901 Тип документа __
t Тип документа c
w Контрольный № источника RU/УОНБ/EK/576164515
909 Создатель записи __
a Создатель записи Морозова Н.А.
938 Служебная информация __
a Имя БД kraeved_work
b Имя библиотеки УОНБ
c Имя АИБС МАРК-SQL
d Номер DOC_ID в БД 133078